| 000 | 00331nam a2200109Ia 4500 | ||
|---|---|---|---|
| 008 | 171211s9999 xx 000 0 und d | ||
| 245 | _aEvery Dog's Legal Guide: A Must-have Book for Your Owner, 6th edition | ||
| 245 | _cMary Randolph | ||
| 260 | _c2007 | ||
| 650 | _xANIMALS | ||
| 856 | _uhttp://down.ebook777.com/054/1413307035.pdf | ||
| 999 |
_c348454 _d348454 |
||